| 000 | 00401cam a22001217a 4500 | ||
|---|---|---|---|
| 008 | 180718b1956 xxu||||| |||| 00| 0 eng d | ||
| 082 | _aA99 W636 | ||
| 100 | _aWiener, Norbert | ||
| 245 |
_aI am a mathematician _cby Norbert Wiener |
||
| 260 |
_aLondon _bVictor Gollancz _c1956 |
||
| 300 | _a380p | ||
| 650 | _aWiener, Norbert, 1894-1964.Wiener, Norbert, 1894-1964.Mathematicians -United States -Biography. | ||
| 999 |
_c416136 _d416136 |
||